| 000 | 00567cam a2200193 4500 | ||
|---|---|---|---|
| 001 | BFIL007121 | ||
| 008 | spa | ||
| 035 | _aBFIL007121 | ||
| 050 | 4 |
_aPG3327 _b.E8 .P76 D67 |
|
| 100 | 1 | _aDostoyuski, Fedor | |
| 245 | 3 |
_aEl Príncipe idiota / _cFedor Dostoyuski ; tr. de Pedro Pedraza y Paez. |
|
| 260 |
_aBarcelona : _Ramón Sopena |
||
| 300 |
_a245 p. ; _c24 cm. |
||
| 440 | 0 | _aBiblioteca de Grandes Novelas | |
| 500 | _a1 Ejemplar | ||
| 650 | 4 | _aLiteratura Rusa | |
| 700 | 1 |
_aPedraza y Paez, Pedro, _etr. |
|
| 942 |
_2lcc _cLIB |
||
| 999 |
_c127226 _d127226 |
||